| 000 | 00645nam a2200181 a 4500 | ||
|---|---|---|---|
| 001 | 000013497 | ||
| 005 | 20200929163240.0 | ||
| 008 | 091125s1998 dr 000 0 spa d | ||
| 040 |
_aDO-SdBNP _bspa _cBNPHU |
||
| 082 |
_axxxx _bN789e |
||
| 100 | 1 |
_aNolasco, Daniel _930829 |
|
| 245 | 1 | 0 |
_aEnsayos judiciales / _cDaniel Nolasco ; prólogo Manuel Bergés Chupani ; presentación Guillermo Moreno. |
| 260 |
_aSanto Domingo : _bImpresora Soto Castillo, _c1998. |
||
| 300 |
_a383 p. ; _c21 cm. |
||
| 500 | _aIncluye datos biográficos del autor en la solapa de la contracubierta | ||
| 700 | 1 |
_aBergés Chupani, Manuel, _epról. _98440 |
|
| 049 | _aBNPD | ||
| 999 |
_c13121 _d13121 |
||